000 00726nam a2200205Ii 4500
003 JO-AjNU
008 230605s9999||||xx |||||||||||||| ||und||
020 _a9953-33-097-2
040 _aJO-AjNU
_bara
_erda
_cJO-AjNU
041 _aara
050 1 4 _aHB61 .M3456.2010
100 3 _aإعداد دائرة المعاجم، مكتبة لبنان,
_eauthor
_930558
245 0 0 _aقاموس الاقتصاد والتجارة : إنكليزي - عربي
264 3 1 _aبيروت: مكتبة لبنان، 2010
300 _a383ص
336 _atext
_btxt
_2rdacontent
337 _aunmediated
_bn
_2rdamedia
338 _avolume
_bnc
_2rdacarrier
650 4 _aالاقتصاد -- معاجم -- التجارة -- معاجم
_930559
999 _aA12128
_c15696
_d15696